Statistiques concernant Candidats de gauche à l'élection présidentielle française 2022

Cliquez ici pour prendre le quiz!

Statistiques générales

  • Ce quiz a été pris 116 fois
  • Le résultat moyen est 6 sur 6

Statistiques - réponses

PartiCandidat% Correct
La France InsoumiseJean Luc Mélenchon
97%
Nouveau Parti AnticapitalistePhilippe Poutou
95%
Europe Écologie Les VertsYannick Jadot
95%
Parti SocialisteAnne Hidalgo
93%
Parti Communiste FrançaisFabien Roussel
92%
Lutte OuvrièreNathalie Arthaud
90%

Distribution des résultats

Percentile par nombre de réponses

% des personnes avec chaque résultat

Votre développement - résultats

Vous n’avez pas pris ce quiz